00193nam a22000857a 4500100001900000245003600019260002600055300000700081650001900088 aMallawa,S.D.De aValue Added Products From Neem aColombobIchemcc2014 a32 achemical base